[Event "Belgrade-chT Quality"]
[Site "Belgrade"]
[Date "2011.10.22"]
[Round "3"]
[White "Dusic, Slobodan"]
[Black "Dikic, Veljko"]
[Result "1-0"]
[WhiteElo "2250"]
[BlackElo "1878"]
[PlyCount "49"]
[EventDate "2011.10.15"]
[EventType "team-swiss"]
[EventRounds "11"]
[EventCountry "SRB"]
[SourceTitle "EXT 2012"]
[Source "ChessBase"]
[SourceDate "2011.11.24"]
[SourceVersion "1"]
[SourceVersionDate "2011.11.24"]
[SourceQuality "1"]

1. e4 c5 2. Nf3 Nc6 3. c3 Nf6 4. d3 d6 5. h3 g6 6. Be2 Bg7 7. 0-0 0-0 8. Be3 Rb8 9. Qd2 b5 10. a3 a5 11. b4 axb4 12. axb4 cxb4 13. cxb4 Nxe4 14. dxe4 Bxa1 15. Nc3 Bxc3 16. Qxc3 Bd7 17. Bh6 f6 18. Bxf8 Kxf8 19. Nd4 Ne5 20. f4 Qb6 21. Kh2 Rc8 22. Qe3 Nc6 23. Ne6+ Bxe6 24. Qxb6 Nxb4 25. Qxb5 1-0